Subprograma pelíferos y pilíferos /

Guardado en:
Autor Principal: Calvo, José O.
Formato: Libro
Idioma:Spanish
Publicado: Balcarce : INTA EEA Balcarce, 1994.
Etiquetas: Agregar Etiqueta
Sin Etiquetas, Sea el primero en etiquetar este registro!
LEADER 00592nam a22001575a 4500
001 EEA.libagro005496
005 20160318110831.0
008 130809s1994####ag#a##########000#0#spa#d
082 0 4 |a 636.08844 
082 0 4 |a 636.974 
100 1 |a Calvo, José O. 
245 1 0 |a Subprograma pelíferos y pilíferos /  |c José O. Calvo. 
260 |a Balcarce :  |b INTA EEA Balcarce,  |c 1994. 
300 |a 1 v. (sin paginar) :  |b il. ;  |c 29 cm. 
500 |a Contiene además: Revista Propiel, año 1994 nº 1 y Proyecto "Desarrollo de la producción de pieles finas". 
859 |a AR-BbBCA  |b BIB. AGRONOMIA  |h 636.08844  |i C169  |p 1996/2810